World leader to country - Statistics

General Stats
  • This quiz has been taken 81 times
  • The average score is 20 of 25
Answer Stats
Hint Answer % Correct
Xi Jinping China
100%
Kim Jong Un North Korea
100%
Vladimir Putin Russia
100%
Joe Biden United States
100%
Justin Trudeau Canada
99%
Emmanuel Macron France
97%
Volodymyr Zelenskyy Ukraine
97%
Olaf Schultz Germany
90%
Benjamin Netanyahu Israel
87%
Rishi Sunak United Kingdom
83%
Narendra Modi India
81%
Muhammad Bin Salman Saudi Arabia
81%
Recep Tayyip Erdogan Turkey
81%
Giorgia Meloni Italy
79%
Lula Da Silva Brazil
78%
Viktor Orban Hungary
77%
Fumio Kishida Japan
75%
Pedro Sanchez Spain
75%
Nicholas Maduro Venezuela
73%
Andrés Manuel López Obrador Mexico
66%
Abdel Fattah el-Sisi Egypt
61%
Mark Rutte Netherlands
61%
Andrzej Duda Poland
60%
Anthony Albanese Australia
57%
Ebrahim Raisi Iran
40%
No matching quizzes found
Score Distribution
Percent of People with Each Score
Percentile by Number Answered
Your Score History
You have not taken this quiz